000 00605nam a2200205 a 4500
001 72363
003 BD-RjUL
005 20211209082243.0
008 170517s1950 pk a r 000 0 eng d
035 _a(BD-RjUL)72580
040 _aDLC
_cCarP
_dDLC
_dBD-RjUL
_beng
041 _aeng
082 _223
_a549
_bHED 1950
100 1 _aHeron, A. M.
_9214011
245 1 0 _aDirectory of the economic minerals of Pakistan /
_cA. M. Heron
260 _aKarachi :
_bManager of Publications,
_c1950
300 _a70 p. :
_bill. ;
_c25 cm.
650 0 _aMines and mineral resources
_zPakistan.
_9214012
942 _2ddc
_cBK
999 _c72363
_d72363